Ludvik Kuba a slovanská etnografie. 2. díl /
Uložené v:
| Médium: | Kniha |
|---|---|
| Jazyk: | Czech |
| Vydané: |
Poděbrady :
Polabské muzeum,
1987
|
| Vydanie: | 1. vyd. |
| Edícia: | Práce Polabského muzea Poděbrady
řada B, č. 16 |
| ISBN: |
(brož.) |
| Fyzický popis: |
s. 95-193 |
| Tagy: |
Pridať tag
Žiadne tagy, Buďte prvý kto otaguje tento záznam!
|
Titul je dostupný aj v ... 

MARC
| LEADER | 00000nam a2200000 a 4500 | ||
|---|---|---|---|
| 001 | 000217469 | ||
| 005 | 20070105152612.0 | ||
| 008 | 060420s1987 xr e 000 0 czeo | ||
| 020 | |a (brož.) | ||
| 040 | |a SVKKK |b slo |c SVKKK |e AACR2 | ||
| 041 | 0 | |a cze | |
| 044 | |a xr |c CZ | ||
| 245 | 0 | 0 | |a Ludvik Kuba a slovanská etnografie. |n 2. díl / |c red. Lydie Petráňová |
| 250 | |a 1. vyd. | ||
| 260 | |a Poděbrady : |b Polabské muzeum, |c 1987 | ||
| 300 | |a s. 95-193 | ||
| 440 | 0 | |a Práce Polabského muzea Poděbrady |v řada B, č. 16 | |
| 700 | 1 | |a Petráňová, Lydie, |d 1941- |4 lso | |
| 998 | |a BK | ||
| 090 | |g SCKHL |k Sklad Pribinova 2. posch. |a II.325620 |j 773936 |i 217469-10 |s Absenčne | ||